| Tag |
First Indicator |
Second Indicator |
Subfields |
| LEADER |
00000cam a2200000 4500 |
| 001 |
in00000283213 |
| 005 |
20151010091121.0 |
| 008 |
680301r19681887enkabf 00000 eng |
| 010 |
|
|
|a 68088085
|
| 015 |
|
|
|a B68-05600
|
| 035 |
|
|
|a (OCoLC)02616755
|
| 035 |
|
|
|9 ABG5227AM
|
| 040 |
|
|
|a DLC
|c DLC
|d TXA
|d UtOrBLW
|
| 049 |
|
|
|a TXAM
|v 1 [1146021]
|v 2 [1146022]
|
| 050 |
0 |
0 |
|a DT361
|b .T48 1968
|
| 082 |
0 |
|
|a 916.7
|
| 100 |
1 |
|
|a Thomson, Joseph,
|d 1858-1895.
|
| 245 |
1 |
0 |
|a Through Masai land :
|b a journey of exploration among the snowclad volcanic mountains and strange tribes of Eastern Equatorial Africa, being the narrative of the Royal Geographical Society's expedition to Mount Kenia and Lake Victoria Nyanza, 1883-1884.
|
| 250 |
|
|
|a 3rd ed.
|b with an introduction by Robert I. Rotberg.
|
| 264 |
|
1 |
|a London :
|b Cass,
|c 1968.
|
| 300 |
|
|
|a xiii, iv-xvi, 364 pages :
|b plates, illustrations, map. ;
|c 25 1/2 cm.
|
| 336 |
|
|
|a text
|b txt
|2 rdacontent
|
| 337 |
|
|
|a unmediated
|b n
|2 rdamedia
|
| 338 |
|
|
|a volume
|b nc
|2 rdacarrier
|
| 490 |
1 |
|
|a Cass library of African studies. Travels and narratives,
|v no. 41
|
| 500 |
|
|
|a Facsimile reprint of 2nd edition, London, Law, Marston, Searle & Rivington, 1887.
|
| 650 |
|
0 |
|a Maasai (African people)
|
| 651 |
|
0 |
|a Africa, East
|x Description and travel.
|
| 830 |
|
0 |
|a Cass library of African studies. Travels and narratives ;
|v no. 41.
|
| 999 |
|
|
|a MARS
|
| 999 |
f |
f |
|s 2ad0825c-1cd9-3292-981b-4e2eccd4dc43
|i d820db36-aa75-335e-95f0-67a1124b2a51
|t 0
|
| 952 |
f |
f |
|p normal
|a Texas A&M University
|b College Station
|c Sterling C. Evans Library
|d Evans: Library Stacks
|t 0
|e DT361 .T48 1968
|h Library of Congress classification
|i unmediated -- volume
|k v.2
|m A14802092181
|
| 952 |
f |
f |
|p normal
|a Texas A&M University
|b College Station
|c Sterling C. Evans Library
|d Evans: Library Stacks
|t 0
|e DT361 .T48 1968
|h Library of Congress classification
|i unmediated -- volume
|k v.1
|m A14802092173
|
| 998 |
f |
f |
|a DT361 .T48 1968
|s v.1-2
|t 0
|l Evans: Library Stacks
|